| 000 | 00688cam a2200193 4500 | ||
|---|---|---|---|
| 001 | D8881 | ||
| 008 | 090401t1970 xxu||||| |||| 00| 0 eng d | ||
| 035 | _a(Sirsi) u15954 | ||
| 041 | _aeng | ||
| 050 | _a692.5 | ||
| 100 | _aSouthwell, John | ||
| 245 | _aAdvice on the cost of buildings at the inception and feasibility stages of design: research report to the Royal Institution of Chartered Surveyors, Research and Information Group of the Quantity Surveyors` Committee | ||
| 260 |
_aBath _bUniversity of Technology/School of Archi _c1970 |
||
| 300 | _aapprox. 230 leaves | ||
| 350 | _a0 | ||
| 520 | _aReference copy contains some extra tables | ||
| 942 | _n0 | ||
| 948 | _c04/03/1997 | ||
| 999 |
_c87330 _d87330 |
||